000 00539nam a2200181Ia 4500
008 090124s9999 xx 000 0 und d
082 _b101002
100 _aगद्रे अ. ह.
245 _a पूर्ण स्वातंत्र्य
250 _a1
260 _c1930
300 _a48
600 _aगद्रे अ. ह.
630 _a पूर्ण स्वातंत्र्य
700 _aगद्रे अ. ह.
730 _a पूर्ण स्वातंत्र्य
942 _cBOOK
999 _c147094
_d147094